| 000 | 00647nam a2200217Ii 4500 | ||
|---|---|---|---|
| 003 | JO-AjNU | ||
| 008 | 230605s9999||||xx |||||||||||||| ||und|| | ||
| 017 | _a2002/8/2067 | ||
| 040 |
_aJO-AjNU _bara _erda _cJO-AjNU |
||
| 041 | _aara | ||
| 050 | 1 | 4 | _aK3240.6.J866 2003 |
| 100 | 3 |
_aالجندي، غسان, _eauthor _946429 |
|
| 245 | 0 | 0 | _aحق التدخل الإنساني |
| 250 | _aط1 | ||
| 264 | 3 | 1 | _aعمان: دار وائل، 2003 |
| 300 | _a129ص | ||
| 336 |
_atext _btxt _2rdacontent |
||
| 337 |
_aunmediated _bn _2rdamedia |
||
| 338 |
_avolume _bnc _2rdacarrier |
||
| 650 | 4 |
_aقانون دولي - قانون اجتماعي _946430 |
|
| 999 |
_aA20197 _c23765 _d23765 |
||